كتاب الإكليل / (رقم التسجيلة. 29066)
[ عرض عادي ]
| 000 -LEADER | |
|---|---|
| fixed length control field | 00658nam a22001937a 4500 |
| 005 - DATE AND TIME OF LATEST TRANSACTION | |
| control field | 20251108165503.0 |
| 008 - FIXED-LENGTH DATA ELEMENTS--GENERAL INFORMATION | |
| fixed length control field | 250721s1979 xx 000 0 ara d |
| 082 14 - DEWEY DECIMAL CLASSIFICATION NUMBER | |
| Classification number | م/956.62/همذ |
| 100 1# - MAIN ENTRY--PERSONAL NAME | |
| Personal name | الهمذاني، أبو محمد الحسن بن أحمد بن يعقوب بن يوسف |
| 245 10 - TITLE STATEMENT | |
| Title | كتاب الإكليل / |
| 264 1# - PRODUCTION, PUBLICATION, DISTRIBUTION, MANUFACTURE, AND COPYRIGHT NOTICE | |
| Place of production, publication, distribution, manufacture | دمشق : |
| Name of producer, publisher, distributor, manufacturer | مطبعة الكاتب العربي، |
| Date of production, publication, distribution, manufacture, or copyright notice | 1979. |
| 300 ## - PHYSICAL DESCRIPTION | |
| Extent | 10ج |
| 650 17 - SUBJECT ADDED ENTRY--TOPICAL TERM | |
| Topical term or geographic name as entry element | اليمن |
| 650 17 - SUBJECT ADDED ENTRY--TOPICAL TERM | |
| Topical term or geographic name as entry element | التاريخ |
| 650 17 - SUBJECT ADDED ENTRY--TOPICAL TERM | |
| Topical term or geographic name as entry element | العصر الجاهلي |
| 700 1# - ADDED ENTRY--PERSONAL NAME | |
| Personal name | الحوالي، محمد بن علي بن الحسين الأكوع |
| Relator term | تحقيق |
| 942 ## - ADDED ENTRY ELEMENTS (KOHA) | |
| Source of classification or shelving scheme | Dewey Decimal Classification |
| Koha item type | مراجع |
| حالة السحب | حالة الفقدان | مصدر التصنيف | حالة التلف | غير قابل للإعارة | المكتبة الرئيسية | المكتبة الحالية | موقع الرف | تاريخ التزويد | الرقم المتسلسل | Total Checkouts | رقم الإستدعاء | الباركود | تاريخ آخر ظهور | تاريخ الفاتورة | نوع المادة (كوها) |
|---|---|---|---|---|---|---|---|---|---|---|---|---|---|---|---|
| Dewey Decimal Classification | Not For Loan | المكتبة المركزية | المكتبة المركزية | مراجع | 06/07/2004 | 78187 | م/956.62/همذ | 78187 | 28/07/2025 | 06/07/2004 | مراجع |